Alonso de Ribera. Gobernador galante y visionario

Guardat en:
Dades bibliogràfiques
Autor principal: Campos Harriet, Fernando (Autor)
Format: Llibre
Idioma:espanyol
Publicat: Santiago, Chile Zig-Zag 1965
Col·lecció:Historia y Documentos
Matèries:
Etiquetes: Afegir etiqueta
Sense etiquetes, Sigues el primer a etiquetar aquest registre!

MARC

LEADER 00000nam a2200000 a 4500
001 UCV0478
003 CL-VaPUC
005 20240930170613.0
008 880922e19650000CL |||||||||||||||||spa|d
999 |c 208917  |d 208915 
040 |c Pontificia Universidad Católica de Valparaíso 
082 0 4 |a 923.2 CAM 1965  |2 21 
100 0 |a Campos Harriet, Fernando  |e author  |9 294959 
245 1 0 |a Alonso de Ribera.  |b Gobernador galante y visionario 
260 |a Santiago, Chile  |b Zig-Zag  |c 1965 
300 |a 266 páginas 
490 0 |a Historia y Documentos 
583 |a last modification  |c 20140820 03:12:01  |k Rodrigo Vera 
650 0 |a Indios de Chile  |z CHILE  |9 255185 
650 0 |a Biografías  |z CHILE  |9 255210 
650 0 |a Historia colonial   |z CHILE  |9 255211 
852 |a BIBCUR 
942 |c BK  |2 ddc 
945 |d 19880922 00:00:00 
952 |0 0  |1 0  |2 ddc  |4 0  |6 923_200000000000000_CAM_1965  |7 0  |8 DER_HDC  |9 183918  |a BIBDER  |b BIBDER  |d 2019-11-14  |i 2508435  |l 1  |o 923.2 CAM 1965  |p 2508435  |r 2023-01-25  |s 2020-03-19  |t 1  |w 2019-11-14  |x Ubicación 4to Piso  |y BK  |z Estos recursos deben solicitarse con anticipación  |k DER 
952 |0 0  |1 0  |2 ddc  |4 0  |6 923_200000000000000_CAM_1965  |7 0  |8 A  |9 183919  |a BIBHIS  |b BIBHIS  |d 2019-11-14  |i 1382101  |o 923.2 CAM 1965  |p 1382101  |r 2025-01-20  |t 2  |w 2019-11-14  |y BK  |k HIS 
952 |0 0  |1 0  |2 ddc  |4 0  |6 923_200000000000000_CAM_1965  |7 0  |8 A  |9 183920  |a BIBHIS  |b BIBHIS  |d 2019-11-14  |i 138211K  |l 1  |o 923.2 CAM 1965  |p 138211K  |r 2025-01-20  |s 2023-04-26  |t 3  |w 2019-11-14  |y BK  |k HIS 
952 |0 0  |1 0  |2 ddc  |4 0  |6 923_200000000000000_CAM_1965  |7 0  |8 A  |9 183921  |a BIBHIS  |b BIBHIS  |d 2019-11-14  |i 4417089  |o 923.2 CAM 1965  |p 4417089  |r 2025-01-20  |t 4  |w 2019-11-14  |y BK  |k HIS